000 00953nam0a22002651 4500
001 v19\rc\1508381
005 20060620122334.2
035 _a(NLR Aleph) 004633794
090 _a3202465
_c3202465
100 _a20060620d1907 |||y0rusy50 ca
101 0 _arus
102 _aRU
105 _aa z |||||
200 1 _aХрабрый портняшка
_eДет. волшеб. сказка
210 _aМосква
_cтип. т-ва И.Д. Сытина
_d1907
215 _a12 с., 6 л. цв. ил.
_d21
300 _aАвт. в кн. не указаны; установлены по одноим. изд. 1914 г.
517 0 _aХрабрый портняшка
_eДет. волшеб. сказка
700 1 _aГримм
_bВ. К.
_f1786-1859
_gВильгельм Карл
701 1 _aГримм
_bЯ.
_f1785-1863
_gЯкоб
801 0 _aRU
_bNLR
_gpsbo
801 1 _aRU
_bProSoft-M
_2rusmarc
852 _aNLR
_j34.50.5.1347
942 _cBOOK
980 _aNB